| 000 | 00600nam a22002052 4500 | ||
|---|---|---|---|
| 001 | 0000018998 | ||
| 005 | 20151217152142.0 | ||
| 008 | 100830s xx 000 0 eng d | ||
| 020 | _a0273711186 : | ||
| 040 |
_aKABU _cKABU |
||
| 100 | 1 |
_aHannagan, Tim. _@0000178517 |
|
| 245 | 1 | 0 |
_aManagement : _bconcepts &practices / _cTim Hannagan ...[et al.]. |
| 250 | _a5th ed. | ||
| 260 |
_aHarlow, England : _bPrentice Hall, _c2008. |
||
| 300 | _axxvii, 777 p. | ||
| 650 | 0 |
_aManagement. _@0000083920 |
|
| 852 | 1 | _9p2760 KES | |
| 908 | _a100830 | ||
| 950 | _@1 | ||
| 999 |
_c8750 _d8750 |
||